000 00516cam a22001931 4500
001 he 67001584
003 DLC
005 20260227111449.0
008 840424s1966 is 000 0 heb
010 _ahe 67001584
035 _a(OCoLC)19140931
040 _aDLC
_cMH
_dCU
_dDLC
050 0 0 _aPJ5054.S25156
_bE5
100 1 _aSenunit, Mikhal,
_d1940-
245 1 0 _aʻEnayim ba-reʼi :
_bshirim.
260 _a[Tel Aviv] :
_bMaḥbarot le-sifrut,
_c[1966]
300 _a41 p. ;
_c21 cm.
752 _aIsrael
_dTel Aviv
999 _c32559
_d32559